|
|
|
|
| LEADER |
00000nab#a22000007a#4500 |
| 001 |
arbauad002890 |
| 003 |
AR-BaUAD |
| 005 |
20250711110534.0 |
| 008 |
930930|||||||||###||||||b###|0###a|spa|| |
| 040 |
|
|
|a AR-BaUAD
|c AR-BaUAD
|b spa
|
| 100 |
|
|
|a Doveil, Frida
|
| 245 |
|
|
|a Nomadic clothing :
|b Nanni Strada's Torchons: clothes as design - an off-the-market proposal for a new tribe of the future? /
|c Frida Doveil; Mariaclara ;
|
| 300 |
0 |
|
|b p. 54-55 ; 89: il., fot.,
|
| 500 |
|
|
|a Propuesta para el futuro, indumentaria que permite adaptarse como una segunda piel.
|
| 653 |
|
|
|a ITALIA
|
| 653 |
|
|
|a MODA
|
| 653 |
|
|
|a ESTILOS
|
| 653 |
|
|
|a TIPOLOGIAS
|
| 653 |
|
|
|a DISEÑO DE INDUMENTARIA
|
| 653 |
|
|
|a INDUMENTARIA FEMENINA
|
| 653 |
|
|
|a DISEÑADORES DE INDUMENTARIA
|
| 653 |
|
|
|a NANNI STRADA
|
| 653 |
|
|
|a INVESTIGACION
|
| 653 |
|
|
|a PROYECTOS
|
| 653 |
|
|
|a TEORIA
|
| 653 |
|
|
|a HISTORIA
|
| 653 |
|
|
|a MATERIALES
|
| 653 |
|
|
|a TEXTURAS
|
| 700 |
1 |
|
|a , Mariaclara
|
| 773 |
0 |
|
|t Modo
|g no. 89 [mayo 1986]
|
| 942 |
|
|
|c ARTI
|
| 952 |
|
|
|0 0
|1 0
|4 0
|7 0
|9 47810
|a AR-BAuAD
|b AR-BAuAD
|d 2025-07-11
|l 0
|p AAQA002890
|r 2025-07-11 11:05:34
|w 2025-07-11
|y ARTI
|
| 990 |
|
|
|a DT198
|b TD
|
| 998 |
|
|
|a AAQ
|b BIBUN76
|
| 999 |
|
|
|c 27483
|d 27483
|